LEADER 03777 am 22007813u 450 001 9910332059103321 005 20230829001709.0 010 $a1-78920-640-5 010 $a1-84545-223-2 035 $a(CKB)2560000000322366 035 $a(MH)011191112-5 035 $a(SSID)ssj0001235232 035 $a(PQKBManifestationID)12563132 035 $a(PQKBTitleCode)TC0001235232 035 $a(PQKBWorkID)11222813 035 $a(PQKB)11695858 035 $a(ScCtBLL)6d3d96ce-1e03-4ad7-82cf-1b50840144ab 035 $a(oapen)https://directory.doabooks.org/handle/20.500.12854/32951 035 $a(EXLCZ)992560000000322366 100 $a20061208d2007 uy 0 101 0 $aeng 135 $auru|||||||||| 181 $ctxt 182 $cc 183 $acr 200 10$aSelling the economic miracle $eeconomic reconstruction and politics in West Germany, 1949-1957 /$fMark E. Spicka$b[electronic resource] 210 $aNew York $cBerghahn Books$d2007 215 $a1 online resource (xvi, 288 p. )$cill. ; 225 0 $aMonographs in German history Selling the economic miracle 225 0$aMonographs in German history ;$vv. 18 300 $aBibliographic Level Mode of Issuance: Monograph 320 $aIncludes bibliographical references (p. [262]-276) and index. 327 $aOrigins of the social market economy and the currency reform of 1948 -- Market or planned? the 1949 Bundestag election -- The Korean crisis, the social market economy, and public opinion -- Public relations for the social market economy : die Waage -- Creating a CDU/CSU public relations machine : the 1953 Bundestag election -- The triumph of the economic miracle : the CDU/CSU and the 1957 Bundestag election. 330 $aThrough an examination of election campaign propaganda and various public relations campaigns, reflecting new electioneering techniques borrowed from the United States, this work explores how conservative political and economic groups sought to construct and sell a political meaning of the Social Market Economy and the Economic Miracle in West Germany during the 1950s.The political meaning of economics contributed to conservative electoral success, constructed a new belief in the free market economy within West German society, and provided legitimacy and political stability for the new Federal Republic of Germany. 606 $aFree enterprise$zGermany (West)$xHistory$y20th century 606 $aFree enterprise$xHistory$y20th century$zGermany (West) 606 $aBusiness & Economics$2HILCC 606 $aEconomic History$2HILCC 607 $aGermany (West)$xPolitics and government 607 $aGermany (West)$xEconomic policy$y1945-1990 607 $aGermany (West)$xEconomic conditions$y1945-1990 607 $aGermany (West)$xSocial policy$xHistory$y20th century 610 $aHistory 610 $aEconomics 610 $a20th century 610 $atwentieth 610 $aPostwar 610 $aGermany 610 $aBusiness 610 $aFederal 610 $aRepublic 615 0$aFree enterprise$xHistory 615 0$aFree enterprise$xHistory 615 7$aBusiness & Economics 615 7$aEconomic History 676 $a330.943/0875 700 $aSpicka$b Mark E$0698814 801 0$bDLC 801 1$bDLC 801 2$bBAKER 801 2$bBTCTA 801 2$bC#P 801 2$bYDXCP 906 $aBOOK 912 $a9910332059103321 996 $aSelling the economic miracle$91373156 997 $aUNINA 999 $aThis Record contains information from the Harvard Library Bibliographic Dataset, which is provided by the Harvard Library under its Bibliographic Dataset Use Terms and includes data made available by, among others the Library of Congress LEADER 02995nam 2200613 a 450 001 9910786211203321 005 20230509073214.0 010 $a0-8389-9610-8 035 $a(CKB)2670000000345944 035 $a(EBL)1158446 035 $a(SSID)ssj0000889843 035 $a(PQKBManifestationID)11475784 035 $a(PQKBTitleCode)TC0000889843 035 $a(PQKBWorkID)10882681 035 $a(PQKB)11629630 035 $a(OCoLC)839303187 035 $a(Au-PeEL)EBL1158446 035 $a(CaPaEBR)ebr10751707 035 $a(OCoLC)845252450 035 $a(MiAaPQ)EBC1158446 035 $a(EXLCZ)992670000000345944 100 $a20130911d2013 uy 0 101 0 $aeng 135 $aur|n|---||||| 181 $ctxt$2rdacontent 182 $cc$2rdamedia 183 $acr$2rdacarrier 200 10$aLearning from libraries that use WordPress $econtent-management system best practices and case studies /$fKyle M. L. Jones, Polly-Alida Farrington 210 1$aChicago, Illinois :$cAmerican Library Association,$d[2013] 215 $a1 online resource (178 pages) 300 $aDescription based upon print version of record. 311 1 $a0-8389-1162-5 320 $aIncludes bibliographical references and index. 327 $aContents; Foreword; Preface; Acknowledgments; Part I: Getting Started with WordPress; Chapter 1: Multiple Identities; Chapter 2: Preparation, Installation, and Initial Settings; Part II: Full-On Customization withThemes and Plugins; Chapter 3: Extensibility via Plugins; Chapter 4: Look and Feel with Themes; Part III: WordPress Cookbooks:Tips, Tricks, and Plugins; Chapter 5: A Better Workflow; Chapter 6: Safe, Sound, Tracked; Chapter 7: Flexible Design; Chapter 8: Enhancing the User Experience; Chapter 9: Roll Your Own Social Network; Part IV: Guest Pieces; Creating Dynamic Subject Guides 327 $aFirst-Year Seminar BlogsBuddyPress and Higher Education; From LibGuides to WordPress; Creating Digital Archives with WordPress; Ten Ways WordPress Can Improve Website User Experience; Using WordPress to Create a Virtual School Library; Many Websites, One Installation; Kansas Libraries on the Web; Resources; Index 330 $aThis useful book shows how scores of libraries have used WordPress to create library websites that are both user-friendly and easy to maintain. 606 $aLibrary Web sites$vCase studies 606 $aBlogs$xComputer programs 606 $aWeb sites$xAuthoring programs 606 $aLibrary Web sites$xDesign 615 0$aLibrary Web sites 615 0$aBlogs$xComputer programs. 615 0$aWeb sites$xAuthoring programs. 615 0$aLibrary Web sites$xDesign. 676 $a025.042/2 700 $aJones$b Kyle M. L.$01533589 702 $aFarrington$b Polly-Alida 801 0$bMiAaPQ 801 1$bMiAaPQ 801 2$bMiAaPQ 906 $aBOOK 912 $a9910786211203321 996 $aLearning from libraries that use WordPress$93780657 997 $aUNINA